000 01711cam a22003614a 4500
005 20260205145313.0
008 031030s2004 paua b 001 0 eng
010 _a 2003064589
020 _a9781592132294
_q(pbk. : alk. paper)
040 _aKABLIB
_cKABLIB
_erda
082 0 0 _a331.12/042/0973
_223
_bWOR
245 0 0 _aWorkforce development politics :
_bcivic capacity and performance /
_cedited by Robert P. Giloth.
260 _aPhiladelphia :
_bTemple University Press,
_c2004.
300 _avi, 289 p. :
_bill. ;
_c24 cm.
336 _atext
_btxt
_2rdacontent
337 _aunmediated
_bn
_2rdamedia
338 _avolume
_bnc
_2rdacarrier
504 _aIncludes bibliographical references and index.
650 0 _aHard-core unemployed
_xGovernment policy
_zUnited States.
_915402
650 0 _aUrban poor
_xEmployment
_xGovernment policy
_zUnited States.
_915403
650 0 _aJob creation
_xGovernment policy
_zUnited States.
_915404
650 0 _aOccupational training
_xGovernment policy
_zUnited States.
_915405
650 0 _aFull employment policies
_zUnited States.
_915406
650 0 _aCommunity development, Urban
_zUnited States.
_915407
650 0 _aEconomic development projects
_zUnited States.
_915408
650 0 _aLocal government
_zUnited States.
_915409
700 1 _aGiloth, Robert.
_915410
856 4 1 _3Table of contents
_uhttp://www.loc.gov/catdir/toc/fy045/2003064589.html
906 _a7
_bcbc
_corignew
_d1
_eocip
_f20
_gy-gencatlg
942 _2ddc
_cBOOK
999 _c6072
_d6072